000 00395nam a2200145Ia 4500
008 230411s9999 xx 000 0 und d
020 _a81-8448-545-X
041 _aeng
082 _aCH/610.7343/CLE/B06581
100 _aClement I
_9119826
245 _aBasic Concepts of Community Health Nursing
260 _bJaypee Brothers
_aNew Delhi
_c2009
300 _a624p
999 _c156949
_d156949